00667nam a22001937a 450000500170000001000140001702000270003102000240005803500130008203700130009508200140010824501260012226000640024827000670031230000240037950000190040370000250042270000260044720100723164723.0 aENG-96549 a9788124604540c1100.00 a8124604541c1100.00 aEN-80082 bDBAD/PUB a203.50954 aPilgrimage:bsacred landscapes and self-organized complexity /cedited by John Mckim Malville [and] Baidyanath Saraswati aNew DelhibIndira Gandhi National Centre for the Artsc2009 aF-52, Bali Nagar Ramesh Nagar Metro StationbNew Delhie110015 ax, 359p.c25cm (Hb) aIncludes index aMalville, John Mckim aSaraswati, Baidyanath